[Event "Vaxjo op"]
[Site "Vaxjo"]
[Date "2015.02.13"]
[Round "4"]
[White "Olsson, Lars"]
[Black "Eriksson, Kristian"]
[Result "1/2-1/2"]
[WhiteElo "2002"]
[BlackElo "2153"]
[PlyCount "35"]
[EventDate "2015.02.13"]
[EventType "swiss"]
[EventRounds "8"]
[EventCountry "SWE"]
[SourceTitle "CBM 164 Extra"]
[Source "ChessBase"]
[SourceDate "2015.03.02"]
[SourceVersion "1"]
[SourceVersionDate "2015.03.02"]
[SourceQuality "1"]

1. c4 e5 2. Nc3 Bb4 3. Nf3 Bxc3 4. bxc3 d6 5. d4 Nd7 6. e4 Ngf6 7. Bd3 0-0 8. 0-0 h6 9. h3 Re8 10. Re1 b6 11. Nh4 Nf8 12. Nf5 Bxf5 13. exf5 e4 14. Bc2 d5 15. cxd5 Qxd5 16. g4 N8h7 17. Bf4 c6 18. Qd2 1/2-1/2

[Event "Vaxjo op"]
[Site "Vaxjo"]
[Date "2015.02.13"]
[Round "2"]
[White "Rydstrom, Tom"]
[Black "Olsson, Lars"]
[Result "1-0"]
[WhiteElo "2314"]
[BlackElo "2002"]
[PlyCount "85"]
[EventDate "2015.02.13"]
[EventType "swiss"]
[EventRounds "8"]
[EventCountry "SWE"]
[SourceTitle "CBM 164 Extra"]
[Source "ChessBase"]
[SourceDate "2015.03.02"]
[SourceVersion "1"]
[SourceVersionDate "2015.03.02"]
[SourceQuality "1"]

1. d4 d5 2. Nf3 c6 3. g3 Nf6 4. Bg2 Bg4 5. Ne5 h5 6. c4 dxc4 7. Na3 Nbd7 8. Naxc4 e6 9. h3 Bf5 10. 0-0 Qc7 11. Bf4 Nxe5 12. Nxe5 Bd6 13. Re1 Nd5 14. e4 Nxf4 15. gxf4 Bxe5 16. dxe5 Bg6 17. Qf3 0-0-0 18. b4 Rd4 19. Rab1 Rhd8 20. Rb3 Rd2 21. f5 Bh7 22. Qxh5 Bg8 23. b5 Qxe5 24. bxc6 b6 25. c7 Qxc7 26. Qf3 Qe5 27. Rc3+ Kb7 28. Rec1 R8d7 29. fxe6 fxe6 30. Qf8 Rd1+ 31. Bf1 Qg5+ 32. Kh1 Rxf1+ 33. Rxf1 Rd8 34. Qf3 Qe5 35. Rfc1 Bh7 36. Qf7+ Ka6 37. Ra3+ Kb5 38. Rb1+ Kc6 39. Rc1+ Kb5 40. Rb1+ Kc6 41. f3 Rd2 42. Qe8+ Kc5 43. Qc8+ 1-0

[Event "Gausdal op-A"]
[Site "Gausdal"]
[Date "2008.04.15"]
[Round "8"]
[White "Olsson, Lars"]
[Black "Notkevich, Benjamin Arvola"]
[Result "0-1"]
[WhiteElo "2067"]
[BlackElo "2084"]
[PlyCount "68"]
[EventDate "2008.04.08"]
[EventType "swiss"]
[EventRounds "9"]
[EventCountry "NOR"]
[SourceTitle "CBM 123 Extra"]
[Source "ChessBase"]
[SourceDate "2008.05.06"]
[SourceVersion "1"]
[SourceVersionDate "2008.05.06"]
[SourceQuality "1"]

1. c4 Nf6 2. Nc3 g6 3. g3 Bg7 4. Bg2 0-0 5. d3 d6 6. Bg5 c6 7. Rb1 a5 8. a3 a4 9. h4 Qa5 10. Bd2 Nbd7 11. Nf3 h5 12. 0-0 Ng4 13. Ng5 Nc5 14. Nce4 Qb6 15. Nxc5 Qxc5 16. Ne4 Qa7 17. e3 Bf5 18. Qe2 d5 19. cxd5 cxd5 20. Nc3 Qa6 21. e4 dxe4 22. Bxe4 Be6 23. Bg5 Rfe8 24. Rbc1 Rad8 25. Bf4 Bb3 26. Qf3 Rd7 27. Nd5 Bxd5 28. Bxd5 e6 29. Bc4 b5 30. Ba2 Bxb2 31. Rc2 Bd4 32. Be3 Bxe3 33. fxe3 Qd6 34. Rc6 Ne5 0-1

[Event "Gausdal op-A"]
[Site "Gausdal"]
[Date "2008.04.10"]
[Round "3"]
[White "Andreasen, Per Naesby"]
[Black "Olsson, Lars"]
[Result "1-0"]
[WhiteElo "2242"]
[BlackElo "2067"]
[PlyCount "49"]
[EventDate "2008.04.08"]
[EventType "swiss"]
[EventRounds "9"]
[EventCountry "NOR"]
[SourceTitle "CBM 123 Extra"]
[Source "ChessBase"]
[SourceDate "2008.05.06"]
[SourceVersion "1"]
[SourceVersionDate "2008.05.06"]
[SourceQuality "1"]

1. g3 c5 2. Bg2 Nc6 3. Nf3 g6 4. 0-0 Bg7 5. c4 d6 6. Nc3 Bg4 7. h3 Bd7 8. e3 Qc8 9. Kh2 h5 10. d4 h4 11. g4 Nf6 12. d5 Nb8 13. g5 Ng4+ 14. hxg4 h3 15. Bh1 Bxg4 16. Qa4+ Nd7 17. Ne1 Kf8 18. f3 Ne5 19. Qc2 Bh5 20. b3 Qd7 21. Nd3 Qf5 22. e4 Ng4+ 23. Kg3 Qd7 24. fxg4 h2 25. Bf3 1-0

[Event "Gausdal op-A"]
[Site "Gausdal"]
[Date "2008.04.09"]
[Round "2"]
[White "Olsson, Lars"]
[Black "Bentsen, Hakon"]
[Result "1/2-1/2"]
[WhiteElo "2067"]
[BlackElo "2180"]
[PlyCount "57"]
[EventDate "2008.04.08"]
[EventType "swiss"]
[EventRounds "9"]
[EventCountry "NOR"]
[SourceTitle "CBM 123 Extra"]
[Source "ChessBase"]
[SourceDate "2008.05.06"]
[SourceVersion "1"]
[SourceVersionDate "2008.05.06"]
[SourceQuality "1"]

1. c4 e6 2. e4 d5 3. exd5 exd5 4. d4 Nf6 5. Nc3 c6 6. Nf3 Be7 7. cxd5 Nxd5 8. Nxd5 Qxd5 9. Be2 0-0 10. 0-0 Bg4 11. h3 Bh5 12. g4 Bg6 13. Ne5 Rd8 14. Be3 Nd7 15. Nxg6 hxg6 16. Bf3 Qd6 17. Qb3 Nb6 18. Rfe1 Rd7 19. Rac1 Qb4 20. Qd3 Nd5 21. Bd2 Qd6 22. Re4 g5 23. Rce1 g6 24. Re6 Qc7 25. Rxg6+ fxg6 26. Qxg6+ Kh8 27. Qh6+ Kg8 28. Qg6+ Kh8 29. Qh6+ 1/2-1/2

[Event "Gausdal Classics Elo op"]
[Site "Gausdal"]
[Date "2007.04.20"]
[Round "3"]
[White "Valickova, Petra"]
[Black "Olsson, Lars"]
[Result "0-1"]
[WhiteElo "2007"]
[BlackElo "2032"]
[PlyCount "50"]
[EventDate "2007.04.18"]
[EventType "swiss"]
[EventRounds "9"]
[EventCountry "NOR"]
[SourceTitle "EXT 2008"]
[Source "ChessBase"]
[SourceDate "2007.11.25"]
[SourceVersion "1"]
[SourceVersionDate "2007.11.25"]
[SourceQuality "1"]

1. e4 c5 2. Nf3 e6 3. d4 cxd4 4. Nxd4 Nf6 5. Bd3 h5 6. c3 Nc6 7. Bc2 Qc7 8. Nd2 a6 9. N2f3 d6 10. Qd3 Bd7 11. h3 Rc8 12. Be3 Na5 13. Rd1 Nc4 14. Bc1 e5 15. Ne2 Bb5 16. b3 Nb2 17. Qd2 Nxd1 18. c4 Nxf2 19. Kxf2 Qc5+ 20. Kf1 Bd7 21. Nc3 b5 22. Bb2 bxc4 23. bxc4 Qxc4+ 24. Ke1 Qb4 25. Bb3 Nxe4 0-1

[Event "Gausdal Classics Elo op"]
[Site "Gausdal"]
[Date "2007.04.18"]
[Round "1"]
[White "Spanton, Timothy"]
[Black "Olsson, Lars"]
[Result "0-1"]
[WhiteElo "1995"]
[BlackElo "2032"]
[PlyCount "78"]
[EventDate "2007.04.18"]
[EventType "swiss"]
[EventRounds "9"]
[EventCountry "NOR"]
[SourceTitle "EXT 2008"]
[Source "ChessBase"]
[SourceDate "2007.11.25"]
[SourceVersion "1"]
[SourceVersionDate "2007.11.25"]
[SourceQuality "1"]

1. e4 c5 2. Nf3 e6 3. d3 d5 4. Qe2 Nf6 5. g3 Be7 6. Bg2 0-0 7. 0-0 Nc6 8. e5 Nd7 9. Re1 a6 10. Nbd2 Nb4 11. Nf1 Qc7 12. h4 Rb8 13. N1h2 b5 14. c3 Nc6 15. Ng4 d4 16. h5 dxc3 17. bxc3 b4 18. c4 Nd4 19. Nxd4 cxd4 20. Bb2 Bc5 21. h6 g6 22. Qe4 Bb7 23. Qf4 f5 24. Nh2 Bxg2 25. Kxg2 Kh8 26. Nf3 Qc6 27. Kh2 Rg8 28. Ng5 Rbf8 29. Bxd4 Be7 30. Rac1 Bxg5 31. Qxg5 f4 32. gxf4 Rf5 33. Qg2 Qa4 34. Re3 Rxf4 35. Re4 Rf5 36. Be3 Qxa2 37. Rf4 b3 38. Rxf5 gxf5 39. Qb7 Qe2 0-1

[Event "Schleswig Holstein-ch U16 VM-A"]
[Site "Neumuenster"]
[Date "2005.03.21"]
[Round "5"]
[White "Olsson, Lars"]
[Black "Prosch, Florian"]
[Result "0-1"]
[WhiteElo "1463"]
[BlackElo "1253"]
[PlyCount "62"]
[EventDate "2005.03.19"]
[EventType "swiss"]
[EventRounds "9"]
[EventCountry "GER"]
[SourceTitle "EXT 2007"]
[Source "ChessBase"]
[SourceDate "2006.11.23"]
[SourceVersion "1"]
[SourceVersionDate "2006.11.23"]
[SourceQuality "1"]

1. e4 d5 2. exd5 Qxd5 3. Nc3 Qa5 4. d4 Nf6 5. Nf3 Bg4 6. Bd2 c6 7. Be2 e6 8. 0-0 Be7 9. Ne4 Qc7 10. Nxf6+ Bxf6 11. Bg5 Bxf3 12. Bxf6 Bxe2 13. Qxe2 gxf6 14. Qf3 Nd7 15. a4 Rg8 16. Rfe1 Qd6 17. c3 Qd5 18. Qh3 Rg5 19. g3 Rh5 20. Qg4 Qf5 21. Qe2 Qh3 22. f4 0-0-0 23. Rf1 Re8 24. b4 e5 25. b5 Kc7 26. Qd2 exf4 27. Qxf4+ Kd8 28. Rf2 Qe6 29. b6 axb6 30. a5 Rxa5 31. Rxa5 bxa5 0-1